Karlovy Vary plán města

Jazyk: Čeština
Vydáno: Praha : Geodetický a kartografický podnik, 1986
Vydání: 3. vyd.
Témata:
Fyzický popis: 1 mapa
Mapy
Uloženo v:
LEADER 00843nem a22002652a 4500
001 000356983
003 CZ BrMZK
005 20101215153215.0
007 aj canzn
008 980103s1986 xr a cze d
034 1 |a a  |b 10000 
040 |a ABA001  |b cze  |d BOA001 
080 |a 91(437)  |2 MRF 
080 |a 912.43:796.5  |2 MRF 
080 |a (084.3)  |2 MRF 
245 0 0 |a Karlovy Vary  |h [kartografický dokument] :  |b plán města 
250 |a 3. vyd. 
255 |a Měřítko 1:10 000 
260 |a Praha :  |b Geodetický a kartografický podnik,  |c 1986 
300 |a 1 mapa 
650 0 7 |a turistika  |7 ph116506  |z Česko (Československo)  |2 czenas 
655 7 |a turistické mapy  |7 fd133737  |2 czenas 
910 |a BOA001  |b Skř.9A-0912.443 
990 |a MP 
996 6 |b 2619806690  |c Skř.9A-0912.443  |l MZK  |r Sklad / do 24 hodin  |n 0  |w 000356983  |u 000010  |a 1  |e BOA001  |j MZK50  |s P